| 000 | 00694nam a2200217Ii 4500 | ||
|---|---|---|---|
| 003 | JO-AjNU | ||
| 008 | 230605s9999||||xx |||||||||||||| ||und|| | ||
| 017 | _a2005/10/2536 | ||
| 040 |
_aJO-AjNU _bara _erda _cJO-AjNU |
||
| 041 | _aara | ||
| 050 | 1 | 4 | _aBF698.9.C8.A9982.2007 |
| 100 | 3 |
_aالعزام،سهيل محمد, _eauthor _912902 |
|
| 245 | 0 | 0 | _aالثقافة والشخصية |
| 250 | _aط1 | ||
| 264 | 3 | 1 | _aعمان:سهيل محمد العزام ،2005 |
| 300 | _a82ص | ||
| 336 |
_atext _btxt _2rdacontent |
||
| 337 |
_aunmediated _bn _2rdamedia |
||
| 338 |
_avolume _bnc _2rdacarrier |
||
| 650 | 4 |
_aالشخصية-السلوك-علم النفس الفردي-الثقافة _912903 |
|
| 999 |
_aA3072 _c6640 _d6640 |
||